| 000 | 00659nam a22001817a 4500 | ||
|---|---|---|---|
| 003 | OSt | ||
| 005 | 20251030045757.0 | ||
| 008 | 251030b |||||||| |||| 00| 0 eng d | ||
| 020 | _a978-621-406-211-9 | ||
| 040 |
_aDWCL - Main Lib _cOC |
||
| 082 | _aFil. 701 Au581L 2019 | ||
| 100 | _aGuiterrez-Ang, Jaime | ||
| 245 |
_aLikha-Sining : _bArt Appreciation for the 21st Century Filipino University - Student (A Modular Approach) / _cJaime Guiterrez-Ang |
||
| 260 |
_aIntramuros, Manila, Philippines : _bMindshapers Co., Inc., _cc2019. |
||
| 300 |
_ax , 256 page s; _billustrations ; _c26 cm. |
||
| 650 | _a1. Art Appreciation | ||
| 942 |
_2ddc _cBK - FIL _mFil. _n0 |
||
| 999 |
_c5326 _d5326 |
||